000
00192nam a2200109Ia 4500
100
_a
MOLLY/IZZARD
942
_c
BK
245
_a
THE GULF
260
_b
#N/A
546
_a
ENGLISH
999
_c
24091
_d
24091